000 00544nam a2200181Ia 4500
008 090123s9999 xx 000 0 und d
082 _b37041
_a921.423/मांडके
100 _aमांडके अलका
245 _aहृदयस्थ
250 _a1
260 _bग्रंथाली प्रकाशन
_c2004
300 _a212
600 _aमांडके अलका
630 _aहृदयस्थ
700 _aमांडके अलका
730 _aहृदयस्थ
942 _cBOOK
999 _c75108
_d75108